Statystyki dla Miasta Aglomeracji Poznańskiej.

Kliknij tutaj aby rozwiązać quiz!

Ogólne statystyki

  • Ten quiz został rozwiązany 174 razy
  • Średni wynik to 7 z 14

Statystyki odpowiedzi

LudnośćMiasto% Poprawnych
533 830Poznań
95%
30 739Swarzędz
89%
31 941Luboń
85%
13 762Mosina
56%
9 778Puszczykowo
56%
7 784Kórnik
53%
10 387Murowana Goślina
50%
29 979Śrem
43%
18 375Oborniki
40%
9 677Kostrzyn
38%
9 123Pobiedziska
35%
6 008Buk
32%
5 941Stęszew
32%
18 799Szamotuły
31%

Rozkład punktacji

Percentyl według liczby udzielonych odpowiedzi

Procent ludzi z każdym wynikiem

Twoja historia wyników

Nie rozwiązałeś tego quizu